Pasja życiowa Józefy Liberkowej [1877-1970]
| Titel: | Pasja życiowa Józefy Liberkowej [1877-1970] |
|---|---|
| Verfasser: | |
| In: |
Szkice lublinieckie, Band 3 (1992), Seite 100-103 alle Artikel anzeigen |
| Veröffentlicht: | 1992 |
| Format: | Aufsatz |
| Sprache: | Polnisch |
X
alg: 39464274 001A $01999:12-11-16 001B $01999:01-06-17 $t17:57:57.000 001D $01999:12-11-16 001U $0utf8 001X $00 002@ $0Aox 003@ $0394642740 007A $0394642740 $aHEB 007T $0Herdww000726 010@ $apol 011@ $a1992 021A $aPasja życiowa Józefy Liberkowej [1877-1970] 028A $aBurek $dGerard 031A $d3 $h100-103 $j1992 039B $aIn $8--Abvc--. Szkice lublinieckie. - Lubliniec, 1986-. - ISSN 0860-3685 $x199200000030000900 $9182896552 lok: 39464274 78 exp: 39464274 78 1 #EPN 201B/01 $018-11-16 $t12:15:06.000 201U/01 $0utf8 203@/01 $0790753219 208@/01 $a12-11-16 $be 209A/01 $a/ $f000 $x00 220C/01 $aTitelaufnehmer: EW 220C/01 $aHerkunft: IH UWr 220C/01 $aAnmerkung: Sanitariuszka w powstaniach śląskich 244Z/01 $2Trx $#Silesia $#Śląsk $#Sliezsko $#Slezsko $8--Trx--Schlesien $x01 $9391173987 244Z/01 $aGeschichte 1877-1970 $x02 244Z/01 $aLiberkowa Józefa $x03 244Z/01 $2Trx $#ülestõus, Silesias 1919-1921 $#sukilimai, Silezijos 1919-1921 $#Uprisings, Silesian 1919-1921 $#sziléziai felkelések 1818-1921 $#powstania śląskie 1919-1921 $#povstanie sliezské 1919-1921 $#povstání slezská 1919-1921 $8--Trx--Aufstände, schlesische$g1919-1921 $x04 $9391379208 244Z/01 $2Trx $8--Trx--Zeitschriftenaufsatz $x05 $9391384341 247C/01 $82080>Marburg/Lahn, Herder-Institut, Forschungsbibliothek, Bibliographieportal $9336309341
| LEADER | 00000caa a22000002c 4500 | ||
|---|---|---|---|
| 001 | 394642740 | ||
| 003 | DE-603 | ||
| 005 | 20170601175757.0 | ||
| 007 | tu | ||
| 008 | 161112s1992 xx |||| | u00||u|pol c | ||
| 035 | |a (DE-599)HEB394642740 | ||
| 040 | |a DE-603 |b ger |c DE-603 |d DE-603 | ||
| 041 | |a pol | ||
| 100 | 1 | |a Burek, Gerard | |
| 245 | 0 | 0 | |a Pasja życiowa Józefy Liberkowej [1877-1970] |
| 264 | 0 | |c 1992 | |
| 773 | 0 | 8 | |i In |t Szkice lublinieckie |d Lubliniec, 1986- |x 0860-3685 |g Band 3 (1992), Seite 100-103 |w (DE-603)182896552 |w (DE-600)2259923-X |
| 924 | 0 | |9 2080 |a (DE-603)790753219 |b DE-2080 |c HES |d d |g / | |


